| 000 | 00451nam a2200133Ia 4500 | ||
|---|---|---|---|
| 001 | 145 | ||
| 008 | 241024s9999 xx 000 0 und d | ||
| 082 | _aRD/345/V719e | ||
| 100 | _aCarlos Villaverde Gómez | ||
| 245 | 0 | _aEstado de situación del sistema de justicia penal a la entrada en vigencia del núevo código procesal penal, síntesis de aspectos fundamentales | |
| 260 |
_bEditora Buho _c2005 |
||
| 901 | _a19/10/2010 3:13:45 p.m. | ||
| 999 |
_c9542 _d9542 |
||